<?xml version="1.0" encoding="UTF-8"?>
<record
    xmlns:xsi="http://www.w3.org/2001/XMLSchema-instance"
    xsi:schemaLocation="http://www.loc.gov/MARC21/slim http://www.loc.gov/standards/marcxml/schema/MARC21slim.xsd"
    xmlns="http://www.loc.gov/MARC21/slim">

  <leader>01232nam a22002777a 4500</leader>
  <controlfield tag="005">20170124103150.0</controlfield>
  <datafield tag="010" ind1=" " ind2=" ">
    <subfield code="a">B-116318</subfield>
  </datafield>
  <datafield tag="020" ind1=" " ind2=" ">
    <subfield code="c">195.00</subfield>
  </datafield>
  <datafield tag="035" ind1=" " ind2=" ">
    <subfield code="a">B-116318</subfield>
  </datafield>
  <datafield tag="037" ind1=" " ind2=" ">
    <subfield code="b">Cen Lib/Ret</subfield>
  </datafield>
  <datafield tag="040" ind1=" " ind2=" ">
    <subfield code="a">DPL</subfield>
    <subfield code="b">HN</subfield>
  </datafield>
  <datafield tag="082" ind1=" " ind2=" ">
    <subfield code="a">822.08</subfield>
    <subfield code="b">&#x92E;&#x94B;&#x939;&#x928; </subfield>
  </datafield>
  <datafield tag="100" ind1=" " ind2=" ">
    <subfield code="a">&#x92E;&#x94B;&#x939;&#x928; &#x930;&#x93E;&#x915;&#x947;&#x936; </subfield>
    <subfield code="9">87538</subfield>
  </datafield>
  <datafield tag="245" ind1=" " ind2=" ">
    <subfield code="a">&#x928;&#x93E;&#x91F;&#x94D;&#x92F;&#x947;-&#x935;&#x93F;&#x92E;&#x930;&#x94D;&#x936; /</subfield>
    <subfield code="c">&#x92E;&#x94B;&#x939;&#x928; &#x930;&#x93E;&#x915;&#x947;&#x936;;&#x938;&#x902;&#x92A;&#x93E;&#x926;&#x915; &#x91C;&#x92F;&#x926;&#x947;&#x935; &#x924;&#x928;&#x947;&#x91C;&#x93E; </subfield>
  </datafield>
  <datafield tag="246" ind1=" " ind2=" ">
    <subfield code="a">Natya-vimarsh /</subfield>
    <subfield code="b">Mohan Rakesh;sampadak Jaydev Taneja</subfield>
  </datafield>
  <datafield tag="260" ind1=" " ind2=" ">
    <subfield code="a">&#x928;&#x908; &#x926;&#x93F;&#x932;&#x94D;&#x932;&#x940; </subfield>
    <subfield code="b">&#x930;&#x93E;&#x937;&#x94D;&#x91F;&#x94D;&#x930;&#x940;&#x92F; &#x928;&#x93E;&#x91F;&#x94D;&#x92F; &#x935;&#x93F;&#x927;&#x93E;&#x932;&#x92F; </subfield>
    <subfield code="c">2003</subfield>
  </datafield>
  <datafield tag="270" ind1=" " ind2=" ">
    <subfield code="a">1-&#x92C;&#x940;, &#x928;&#x947;&#x924;&#x93E;&#x91C;&#x940; &#x938;&#x941;&#x92D;&#x93E;&#x937; &#x92E;&#x93E;&#x930;&#x94D;&#x917; </subfield>
    <subfield code="b">&#x928;&#x908; &#x926;&#x93F;&#x932;&#x94D;&#x932;&#x940; </subfield>
    <subfield code="e">110002</subfield>
  </datafield>
  <datafield tag="300" ind1=" " ind2=" ">
    <subfield code="a">xiii,199&#x92A;&#x943;.</subfield>
    <subfield code="c">21&#x938;&#x947;&#x92E;&#x940;(&#x938;&#x91C;&#x93F;&#x932;&#x94D;&#x926;)</subfield>
    <subfield code="b">&#x938;&#x91A;&#x93F;&#x924;&#x94D;&#x930; </subfield>
  </datafield>
  <datafield tag="500" ind1=" " ind2=" ">
    <subfield code="a">&#x905;&#x928;&#x941;&#x915;&#x94D;&#x930;&#x92E;&#x923;&#x93F;&#x915;&#x93E;  &#x936;&#x93E;&#x92E;&#x93F;&#x932;        </subfield>
  </datafield>
  <datafield tag="650" ind1=" " ind2=" ">
    <subfield code="a">&#x939;&#x93F;&#x902;&#x926;&#x940; &#x938;&#x93E;&#x939;&#x93F;&#x924;&#x94D;&#x92F; </subfield>
    <subfield code="9">87539</subfield>
  </datafield>
  <datafield tag="650" ind1=" " ind2=" ">
    <subfield code="a">&#x928;&#x93E;&#x91F;&#x915; &#x914;&#x930; &#x930;&#x902;&#x917;&#x92E;&#x902;&#x91A; </subfield>
    <subfield code="9">34133</subfield>
  </datafield>
  <datafield tag="650" ind1=" " ind2=" ">
    <subfield code="a">Hindi literature</subfield>
    <subfield code="9">87540</subfield>
  </datafield>
  <datafield tag="650" ind1=" " ind2=" ">
    <subfield code="a">Drama and Theatre</subfield>
    <subfield code="9">87541</subfield>
  </datafield>
  <datafield tag="700" ind1=" " ind2=" ">
    <subfield code="a">&#x924;&#x928;&#x947;&#x91C;&#x93E;, &#x91C;&#x92F;&#x926;&#x947;&#x935; </subfield>
    <subfield code="9">87542</subfield>
  </datafield>
  <datafield tag="942" ind1=" " ind2=" ">
    <subfield code="2">ddc</subfield>
    <subfield code="c">HN</subfield>
    <subfield code="h">822.08</subfield>
    <subfield code="m">&#x92E;&#x94B;&#x939;&#x928; </subfield>
  </datafield>
  <datafield tag="999" ind1=" " ind2=" ">
    <subfield code="c">119903</subfield>
    <subfield code="d">119903</subfield>
  </datafield>
  <datafield tag="952" ind1=" " ind2=" ">
    <subfield code="0">0</subfield>
    <subfield code="1">0</subfield>
    <subfield code="4">0</subfield>
    <subfield code="7">0</subfield>
    <subfield code="a">L</subfield>
    <subfield code="b">L</subfield>
    <subfield code="d">2015-09-19</subfield>
    <subfield code="e">Cen Lib/Ret</subfield>
    <subfield code="g">195.00</subfield>
    <subfield code="l">9</subfield>
    <subfield code="m">5</subfield>
    <subfield code="o">822.08 &#x92E;&#x94B;&#x939;&#x928;</subfield>
    <subfield code="p">B-116318</subfield>
    <subfield code="r">2025-09-17 00:00:00</subfield>
    <subfield code="s">2025-08-08</subfield>
    <subfield code="t">1</subfield>
    <subfield code="v">195.00</subfield>
    <subfield code="w">2015-09-19</subfield>
    <subfield code="y">HN</subfield>
  </datafield>
  <datafield tag="952" ind1=" " ind2=" ">
    <subfield code="0">0</subfield>
    <subfield code="1">0</subfield>
    <subfield code="2">ddc</subfield>
    <subfield code="4">0</subfield>
    <subfield code="7">0</subfield>
    <subfield code="8">NFIC</subfield>
    <subfield code="a">ZLS</subfield>
    <subfield code="b">ZLS</subfield>
    <subfield code="d">2018-10-31</subfield>
    <subfield code="l">1</subfield>
    <subfield code="o">822.08 &#x92E;&#x94B;&#x939;&#x928;</subfield>
    <subfield code="p">B-116320</subfield>
    <subfield code="r">2022-04-26 00:00:00</subfield>
    <subfield code="s">2022-03-31</subfield>
    <subfield code="w">2018-10-31</subfield>
    <subfield code="y">HN</subfield>
  </datafield>
</record>
